000 00807nam a22002057a 4500
999 _c26071
_d26071
003 BDDh-ASL
005 20231015030608.0
008 210926s2002 b ||||| |||| 00| 0 b d
040 _cBDDh-ASL
082 _a954.92
_bSUN
110 1 _94582
_aজেলা প্রশাসন, সুনামগঞ্জ
245 0 0 _aসুনামগঞ্জ পরিচিতি /
246 _aSunamganj Parichiti
260 _a সুনামগঞ্জ:
_bজেলা প্রশাসন,
_c২০০২।
300 _a৩৮৪ পৃষ্ঠা, :
_c২২ সে. মি.
504 _aগ্রন্থপঞ্জি সংযুক্ত।
650 0 _91349
_aHistory
_zBangladesh (বাংলাদেশ)
651 0 _94583
_aSunamganj (সুনামগঞ্জ)
942 _2ddc
_cBK